| 000 | 00937cam a2200313 i 4500 | ||
|---|---|---|---|
| 999 |
_c200459606 _d77818 |
||
| 001 | 200459606 | ||
| 003 | TR-AnTOB | ||
| 005 | 20260310143729.0 | ||
| 007 | ta | ||
| 008 | 240221t20192019tu d b 000 0 tur d | ||
| 020 |
_a9786050504590 _q(paperback) |
||
| 035 | _a(TR-AnTOB)200459606 | ||
| 040 |
_aSULEY _beng _erda _cSULEY _dTR-AnTOB |
||
| 041 | 0 | _atur | |
| 050 | 4 |
_aJN9747 _b.A48563 2019 |
|
| 090 |
_aJN9747 _b.A48563 2019 |
||
| 100 | 1 |
_aAltın, Aytuğ _eauthor _9145038 |
|
| 245 | 1 | 0 |
_aKamu hizmeti : _bKamu hizmeti anlayışında değişim ve kalite / _cAytuğ Altın. |
| 264 | 1 |
_aAnkara : _bYetkin Yayınları, _c2019. |
|
| 264 | 4 | _c©2019 | |
| 300 |
_a148 pages : _ctables ; _b24 cm |
||
| 336 |
_atext _btxt _2rdacontent |
||
| 337 |
_aunmediated _bn _2rdamedia |
||
| 338 |
_avolume _bnc _2rdacarrier |
||
| 504 | _aBIB | ||
| 650 | 7 |
_aDevlet hizmeti _zTürkiye _2etuturkob _932340 |
|
| 942 |
_2lcc _cBK |
||